00913nam a2200241Ia 4500003000400000005001700004008004100021020001800062040001800080041000800098082002200106100002500128245005600153250001200209260003300221300002600254650005700280650003800337650007500375942003200450999001900482952017000501OSt20220929125056.0210716s2012 xx 000 0 und d a9788132206378 cAIMIT LIBRARY aeng a621.382122bCAMR aCameron, Rob.958777 aPro windows phone app development /cBy Rob Cameron a2nd ed. aNew Delhi :bApress ,c2012. axxiii,638p. ;c23 cm. aIntroduction to windows phone and marketplace958778 aUser interface development958779 aWindows phone data persistence and networking programming model958780 2ddccBKe2ndk621.3821 CAMR c193398d193398 00102ddc40708MCAaAIMITbAIMITeKnowledge Worldg699.00iBill no:1616; Bill dt:2013-05-20l0o621.3821CAMRpMCA12906r2025-07-21 00:00:00v524.25w2021-07-16yBK